Tilastot visalle Tunnetko yo-arvosanat?

Klikkaa tästä pelataksesi tätä visaa!

Yleistilastot

  • Tätä visaa on pelattu 52 kertaa
  • Keskiarvotulos 5 / 7

Vastaustilastot

% Oikein
Llaudaturerinomainen5 %
100%
Eeximia cum laude approbaturkiitettävä15 %
80%
Aapprobaturvälttävä15 %
78%
Ccum laude approbaturtyydyttävä24 %
78%
Mmagna cum laude approbaturhyvä20 %
74%
Iimprobaturhylätty5 %
59%
Blubenter approbaturkohtalainen20 %
28%

Tulosjakauma

Persentiili vastausten määrän mukaan

Jokaisen tuloksen saaneiden osuus

Tuloshistoriasi

Et ole pelannut tätä visaa